| 000 | 00600nam a2200205Ii 4500 | ||
|---|---|---|---|
| 003 | JO-AjNU | ||
| 008 | 230606s9999||||xx |||||||||||||| ||und|| | ||
| 020 | _a81-8052-212-1 / 978-81-8052-212-3 | ||
| 040 |
_aJO-AjNU _beng _erda _cJO-AjNU |
||
| 041 | _aeng | ||
| 050 | 1 | 4 | _aHG181 2009 |
| 100 | 3 |
_aBhat,M.K, _eauthor _91395 |
|
| 245 | 0 | 0 | _aInternational Trade and Financial Environment |
| 264 | 3 | 1 | _aNew Delhe: Ane Books Pvt,2009 |
| 300 | _a360p | ||
| 336 |
_atext _btxt _2rdacontent |
||
| 337 |
_aunmediated _bn _2rdamedia |
||
| 338 |
_avolume _bnc _2rdacarrier |
||
| 650 | 4 |
_aInternational Trade _91396 |
|
| 999 |
_aE736 _c736 _d736 |
||